|
|
|
|
| LEADER |
00000nam a2200000Ii 4500 |
| 001 |
DIGDESCL0117 |
| 003 |
NyNyDIG |
| 006 |
m o d |
| 007 |
cr ||||||||||| |
| 008 |
220412s2014 sp ob 000 0 spa d |
| 035 |
|
|
|a (OCoLC)1313667149
|
| 040 |
|
|
|a DGITA
|b eng
|e rda
|e pn
|c DGITA
|
| 020 |
|
|
|a 9788433037077
|q eBook
|q ePub
|
| 020 |
|
|
|z 9788433026927
|
| 050 |
1 |
4 |
|a BF576 ebook
|
| 100 |
1 |
|
|a Bisquerra Alzina, Rafael,
|e author,
|e editor.
|
| 245 |
0 |
0 |
|a Prevención del acoso escolar con educación emocional :
|b con la obra de teatro "Postdata" /
|c Rafael Bisquerra (coord.), [and 5 others] ; con la colaboración de José María Avilés, Rosario Ortega.
|
| 264 |
|
1 |
|a Bilbao :
|b Desclée De Brouwer,
|c [2014]
|
| 300 |
|
|
|a 1 online resource.
|
| 336 |
|
|
|a text
|b txt
|2 rdacontent
|
| 337 |
|
|
|a computer
|b c
|2 rdamedia
|
| 338 |
|
|
|a online resource
|b cr
|2 rdacarrier
|
| 347 |
|
|
|a text file
|2 rdaft
|
| 347 |
|
|
|b EPUB
|
| 490 |
1 |
|
|a Aprender a ser : educación en valores
|
| 504 |
|
|
|a Includes bibliographical references.
|
| 588 |
0 |
|
|a Online resource; title from ePub title page (Digitalia, viewed April 12, 2022)
|
| 650 |
|
0 |
|a Bullying in schools.
|
| 650 |
|
0 |
|a School violence
|x Prevention.
|
| 650 |
|
0 |
|a Emotional intelligence.
|
| 650 |
|
0 |
|a Drama in education.
|
| 655 |
|
0 |
|a Electronic books.
|
| 700 |
1 |
|
|a Avilés, José María
|q (Avilés Martínez),
|e contributor agent of text.
|
| 700 |
1 |
|
|a Ortega, Rosario,
|e contributor agent of text.
|
| 791 |
2 |
|
|a Digitalia (Firm),
|e distributor.
|
| 793 |
0 |
|
|g Digitalia eBook Collection:
|a Editorial Desclée De Brouwer
|
| 776 |
0 |
8 |
|i Print version:
|a Bisquerra Alzina, Rafael.
|t Prevención del acoso escolar con educación emocional.
|d Bilbao : Desclée De Brouwer, [2014]
|z 9788433026927
|
| 830 |
|
0 |
|a Colección Aprender a ser.
|
| 856 |
4 |
0 |
|3 Digitalia Hispánica
|u https://www.digitaliapublishing.com/a/84184/
|
| 910 |
|
|
|a Premium collection: 2022
|